000 00185 a2200085 4500
020 _a9780500204238
100 _a Christiane Paul
245 _aDigital Art
260 _bThames & Hudson
_c2015
999 _c13313
_d13313